000 00302nam a22001217a 4500
040 _cnust
082 _a551.48
_bWAN
100 _aXixi Wang
_9122646
245 _aWater Resources and Hydraulics .
300 _a616 pages
_c25cm
440 _aWater Resources and hydraulics .
_9122647
942 _2ddc
_cBK
999 _c609099
_d609099